<?xml version="1.0" encoding="UTF-8"?>
<collection xmlns="http://www.loc.gov/MARC21/slim">
 <record>
  <leader>01092nam a2200205 a 4500</leader>
  <controlfield tag="001">1/53807</controlfield>
  <controlfield tag="008">210929s1994    gr a          000 | gre d</controlfield>
  <datafield tag="040" ind1=" " ind2=" ">
   <subfield code="a">GR-PeUP</subfield>
  </datafield>
  <datafield tag="082" ind1="0" ind2="0">
   <subfield code="a">938.495 ΚΑΜ</subfield>
  </datafield>
  <datafield tag="100" ind1="1" ind2=" ">
   <subfield code="a">Καμονάχου, Μαρία,</subfield>
   <subfield code="d">1959-</subfield>
  </datafield>
  <datafield tag="245" ind1="0" ind2="0">
   <subfield code="a">Ενα μικρό οδοιπορικό στις οχυρώσεις και την ιστορία του Παλαιού Φρουρίου της Κέρκυρας / </subfield>
   <subfield code="c">Μαρία Καμονάχου, Νέλλα Πανταζή, Αγγελική Ντίνου.</subfield>
  </datafield>
  <datafield tag="260" ind1=" " ind2=" ">
   <subfield code="a">Κέρκυρα : </subfield>
   <subfield code="b">Δήμος Κερκυραίων Αθήνα. Ιονική Τράπεζα, </subfield>
   <subfield code="c">[1994].</subfield>
  </datafield>
  <datafield tag="300" ind1=" " ind2=" ">
   <subfield code="a">66 σ. :</subfield>
   <subfield code="b">εικ. ; </subfield>
   <subfield code="c">23 εκ.</subfield>
  </datafield>
  <datafield tag="500" ind1=" " ind2=" ">
   <subfield code="a">Τίτλος εξωφύλλου: Το Παλαιό Φρούριο της Κέρκυρας.</subfield>
  </datafield>
  <datafield tag="650" ind1=" " ind2="4">
   <subfield code="a">Κάστρα</subfield>
   <subfield code="z">Ελλάδα </subfield>
   <subfield code="z">Κέρκυρα (Νομός).</subfield>
  </datafield>
  <datafield tag="650" ind1=" " ind2="0">
   <subfield code="a">Castles </subfield>
   <subfield code="z">Greece</subfield>
   <subfield code="z">Corfu.</subfield>
  </datafield>
  <datafield tag="700" ind1="1" ind2=" ">
   <subfield code="a">Πανταζή, Νέλλα.</subfield>
  </datafield>
  <datafield tag="700" ind1="1" ind2=" ">
   <subfield code="a">Ντίνου, Αγγελική.</subfield>
  </datafield>
  <datafield tag="852" ind1=" " ind2=" ">
   <subfield code="a">INST</subfield>
   <subfield code="b">UNIPILB</subfield>
   <subfield code="c">MAIN</subfield>
   <subfield code="e">20210929</subfield>
   <subfield code="h">938.495 ΚΑΜ</subfield>
   <subfield code="p">00185648</subfield>
   <subfield code="q">00185648</subfield>
   <subfield code="t">LOAN</subfield>
   <subfield code="y">0</subfield>
   <subfield code="4">1</subfield>
  </datafield>
  <datafield tag="960" ind1=" " ind2=" ">
   <subfield code="a">ΑΛΜΠΑΝΗ ΤΑΝΙΑ</subfield>
  </datafield>
 </record>
</collection>
